000 00546nam a22001697a 4500
005 20251108170511.0
008 250721s2002 xx 000 0 ara d
082 1 4 _a371.32/سلي
100 1 _aسليمان، نايف
245 1 0 _aتصميم و إنتاج الوسائل التعليمية /
264 1 _aعمان :
_bدار الصفاء للنشر و التوزيع،
_c2002.
300 _a200ص.
650 1 7 _aوسائل التدريس
650 1 7 _aالوسائل السمعية و البصرية
942 _2ddc
_cBK
999 _c41993
_d41993